Loading...
| Literature - Drama | 2 | 2 | 2 | 0 | 40 | 35 | 70.75 | 2 | 4 | 30.18 | 50.00 |
| Short Fiction and Other | 1 | 2 | 0 | 0 | 35 | 68 | 99.33 | 1 | 2 | 18.53 | 36.11 |
| Literature - Poetry | 1 | 1 | 0 | 0 | 25 | 76 | 99.00 | 1 | 1 | 8.48 | 14.81 |
| History - World | 1 | 1 | 0 | 0 | 25 | 51 | 96.50 | 1 | 1 | 4.66 | 9.52 |
| Literature - Short Fiction | 1 | 1 | 0 | 0 | 25 | 47 | 70.50 | 0 | 2 | 55.06 | 83.33 |
| Fine Arts - Other | 0 | 2 | 0 | 1 | 20 | 106 | 129.00 | 0 | 1 | 2.94 | 5.95 |
| Philosophy | 1 | 1 | 1 | 0 | 20 | 69 | 79.50 | 0 | 1 | 9.83 | 11.11 |
| Social Science | 0 | 2 | 1 | 1 | 15 | 97 | 122.00 | 0 | 1 | 2.90 | 10.26 |
| Mythology | 1 | 0 | 0 | 0 | 15 | 38 | 38.00 | 1 | 1 | 10.64 | 14.29 |
| Literature - Long Fiction | 0 | 2 | 2 | 2 | 10 | 137 | 147.00 | 0 | 0 | 1.16 | 7.58 |
| Religion | 0 | 1 | 0 | 0 | 10 | 123 | 123.00 | 0 | 0 | 2.57 | 2.38 |
| History - American | 0 | 1 | 0 | 0 | 10 | 90 | 90.00 | 1 | 1 | 5.60 | 14.29 |
| Literature - Misc | 0 | 1 | 0 | 0 | 10 | 101 | 101.00 | 0 | 1 | 33.55 | 83.33 |
| Other Academic | 0 | 1 | 1 | 0 | 5 | 96 | 96.00 | 0 | 1 | 3.55 | 6.67 |